000 004130000a22001690004500
003 MACL
005 20151230124758.0
008 151230b xxu||||| |||| 00| 0 eng d
040 _aMACL
_cMACL
041 _aEnglish
082 _a297/JAI
100 _aAli, Mohammad
_92174
245 _aZakat in Islam
260 _bThe Reliance Printing Press
_aBombay
650 _aReligion
_924780
942 _cBK
_k297/Jai
_2ddc
999 _c36503
_d36503